书目信息 |
| 题名: |
英汉光化学名词汇编
|
|
| 作者: | 布拉斯拉夫斯基 编 ;吴骊珠 , 吴世康 译 | |
| 分册: | ||
| 出版信息: | 北京 化学工业出版社 2008 |
|
| 页数: | 147页 | |
| 开本: | 24cm | |
| 丛书名: | ||
| 单 册: | ||
| 中图分类: | O644.1 | |
| 科图分类: | ||
| 主题词: | 光化学--词汇--英语--汉语 , 光化学 | |
| 电子资源: | ||
| ISBN: | 978-7-122-02926-3 | |
| 000 | 01207nam0 2200277 45 | |
| 005 | 20100303154255.25 | |
| 010 | @a978-7-122-02926-3@dCNY28.00 | |
| 100 | @a20100121d2008 ekmy0chiy0120 ea | |
| 101 | 1 | @achi@crus@aeng |
| 102 | @aCN@b110000 | |
| 105 | @ay e 001yy | |
| 106 | @ar | |
| 200 | 1 | @a英汉光化学名词汇编@AYing Han Guang Hua Xue Ming Ci Hui Bian@dGlossary of terms used in photochemistry@f(俄)布拉斯拉夫斯基(S. E. Braslavsky)编@F( E ) Bu La Si La Fu Si Ji (S. E. Braslavsky) Bian@g吴骊珠,吴世康译@zeng |
| 210 | @a北京@c化学工业出版社@d2008 | |
| 215 | @a147页@d24cm | |
| 305 | @a本书中文简体字版译自国际纯粹与应用化学联合会的期刊《纯粹与应用化学》,经由中国化学会取得授权据原书第3版译出 | |
| 330 | @a本书收录了光化学与光物理过程中常用名词术语的中英文名称、定义及注解,涉及光诱导电子转移、分子的各向异性、偏振等领域。 | |
| 510 | 1 | @aGlossary of terms used in photochemistry@zeng |
| 606 | 0 | @a光化学@x词汇@x英语@x汉语 |
| 606 | 0 | @a光化学 |
| 690 | @aO644.1@v4 | |
| 701 | 1 | @a布拉斯拉夫斯基@ABu La Si La Fu Si Ji@g(Braslavsky, S. E.)@4编 |
| 702 | 0 | @a吴骊珠@AWu Li Zhu@4译 |
| 702 | 0 | @a吴世康@AWu Shi Kang@4译 |
| 801 | 0 | @aCN@bTANGWEI@c20100303 |
| 905 | @b0585004-06@dO644.1@e11@f3 | |
| 英汉光化学名词汇编=Glossary of terms used in photochemistry/(俄)布拉斯拉夫斯基(S. E. Braslavsky)编/吴骊珠,吴世康译.-北京:化学工业出版社,2008 |
| 147页;24cm |
| ISBN 978-7-122-02926-3:CNY28.00 |
| 本书收录了光化学与光物理过程中常用名词术语的中英文名称、定义及注解,涉及光诱导电子转移、分子的各向异性、偏振等领域。 |
| ● |
| 相关链接 |
|
|
|
|
正题名:英汉光化学名词汇编
索取号:O644.1/11
 
预约/预借
| 序号 | 登录号 | 条形码 | 馆藏地/架位号 | 状态 | 备注 |
| 1 | 0585004 | 205850042 | 第二样本阅览室/ [索取号:O644.1/11] | 在馆 | |
| 2 | 0585005 | 205850051 | 第三借阅区/ [索取号:O644.1/11] | 在馆 | |
| 3 | 0585006 | 205850060 | 化学系资料室/ [索取号:O644.1/11] | 在馆 |